000 00245nam a2200097Ia 4500
001 753334
005 20250826164720.0
008 250824s9999 xx 000 0 und d
245 0 _aESKİCİ VE OĞULLARI
_cŞEVKET RADO
260 _bBİLĞE YAYINLARI
999 _c753334
_d753334